| 000 | 00717nam a22002175i 4500 | ||
|---|---|---|---|
| 001 | 177210 | ||
| 003 | ES-MaACL | ||
| 005 | 20230906220258.0 | ||
| 008 | 110308s1959 sp o |||| | spa d | ||
| 080 | _a725.94(460.187 S.) | ||
| 100 | 1 |
_aGarcía Boiza, Antonio. _954278 |
|
| 245 | 1 | 0 |
_aSalamanca monumental / _cpor Antonio García Boiza. |
| 260 |
_aMadrid : _bPlus-Ultra, _c[1959?] |
||
| 300 |
_a156 p. : _bfot. bl. y n. ; _c22 cm. |
||
| 490 | 1 |
_aLos monumentos cardinales de España ; _v10 |
|
| 500 | _aÍndices. | ||
| 650 | 4 |
_aMonumentos- _zSalamanca (Provincia) _9169642 |
|
| 830 | 0 |
_aLos monumentos cardinales de España ; _v10 _9190368 |
|
| 852 |
_aES-MaACL _jE-14623 _xOlim P-1021 |
||
| 999 |
_c177210 _d177210 |
||